00685nam a22001697a 4500003000200000005001700002008004100019020002200060050002700082245010500109260006400214300003000278650004900308942001200357999001900369952012700388020230811134821.0230811b xxu||||| |||| 00| 0 eng d a978-971-560-900-7 aPL 6062.4 b.Ar83 2022 aAruga : mga sanaysay ng pagtanggap at paglingapcRommel B. Rodriguez, Ferdinand P. Jarin, mga editor aManila bUniversity of Santo Tomas Publishing Housecc2022. axviii, 278 pp. ; c23 cm. aPhilippine essays (Filipino) - Collections.  2lcccBK c365134d365134 00102lcc40aCLbCLcFILd2023-08-11eLibrary Fundl0oPL 6062.4 .Ar83 2022pC22857r2023-08-11 00:00:00w2023-08-11yBK